00587nam a2200229Ia 4500008004100000040001200041082001500053082001500068100001700083245004200100300001400142300000600156300001400162530001700176563001000193600001700203630004200220650002100262650001500283700001700298730004200315160716s9999||||xx |||||||||||||| ||und|| cEnglish aXIC/Somani bBORI-48708 aG. N. Somani 4aThe Chess Of Knowledge Of Human Life aXXXVi+480 cA eHardbound u00048708.pdf aStudy aG. N. Somani aThe Chess Of Knowledge Of Human Life aGeneral Indology aPhilosophy aG. N. Somani aThe Chess Of Knowledge Of Human Life